000 00937nam a22003017a 4500
001 BR0305733
003 BR-BrBNA
005 20230928101445.0
007 ta
008 230509b bl.||||| |||| 00| 0 por d
040 _aBR-BrBNA
_bpor
_cBiblioteca Nacional de Agricultura
041 _a(Por)
072 _aF02
_b2790
090 _ 2790 BR0305733
100 1 _aCerqueira, E.S.
110 1 _aUniversidade Federal de Lavras, MG (Brasil)
_0Tese (Mestrado)
245 1 _aPropagação e calogênese in vitro em erva-de-touro (Tridax procumbens L.), uma planta medicinal
260 3 _aLavras, MG (Brasil):
_c1999.
300 _a81 p.
500 _aSummaries (Eng, Por); Several bibliography; 18 tables; 22 illus.
650 _aPLANTA MEDICINAL
650 _aMICROPROPAGAÇÃO
650 _aPROPAGAÇÃO VEGETATIVA
650 _aCULTURA IN VITRO
650 _aEXPLANTE
909 _a202309
_bLucia
_c55
_dLucia Elande
942 _cBK
999 _c65922
_d65922